Štúdium stanovenia fenolu a produktov jeho degradácie dostupnými analytickými metódami : Diplomová práca

Na minha lista:
Detalhes bibliográficos
Autor principal: Vyjidáková, Martina (Author)
Outros Autores: Soldán, Maroš, 1969- (xxx)
Formato: Manuscrito Livro
Idioma:eslovaco
Publicado em: Trnava : STU v Bratislave MtF KEBI, 2004
Assuntos:
Tags: Adicionar Tag
Sem tags, seja o primeiro a adicionar uma tag!

MARC

LEADER 00000ntm a22000003a 4500
001 stu88887
005 20160719154657.0
008 040715s2004----xo------------------slo-d
040 |a STU  |b slo 
041 0 |a slo 
044 |a xo 
100 1 |a Vyjidáková, Martina  |4 aut 
245 1 |a Štúdium stanovenia fenolu a produktov jeho degradácie dostupnými analytickými metódami :  |b Diplomová práca 
260 |a Trnava :  |b STU v Bratislave MtF KEBI,  |c 2004 
300 |a 63 s  |c CD 
650 7 |a inžinierstvo životného prostredia  |2 stusub 
700 1 |a Soldán, Maroš,  |d 1969-  |4 xxx  |u M5000  |U MTF Materiálovotechnologická fakulta  |T MTF Ústav bezpečnosti, environmentu a kvality  |X 2878  |U M5000  |Y 85  |7 A000002878 
996 |b 284M059767  |c M*DP-5029  |l MMSKP  |s P  |a 0  |w stu88887_0001